| Tag |
First Indicator |
Second Indicator |
Subfields |
| LEADER |
00000cam a2200000 a 4500 |
| 001 |
in00000014349 |
| 005 |
20151007052208.0 |
| 008 |
870127s1986 oncb b 00110 eng d |
| 020 |
|
|
|a 0773505504
|c $25.00
|
| 020 |
|
|
|a 0773505512
|c $12.95 (pbk)
|
| 035 |
|
|
|a (OCoLC)15118543
|
| 035 |
|
|
|9 AAA6714AM
|
| 040 |
|
|
|a LFM
|c LFM
|d TKN
|d UDI
|d TXA
|d UtOrBLW
|
| 043 |
|
|
|a n-cn-qu
|
| 049 |
|
|
|a TXAM
|c [A12585039]
|
| 050 |
|
4 |
|a E99.C88
|b S35 1986
|
| 100 |
1 |
|
|a Salisbury, Richard Frank,
|d 1926-
|
| 245 |
1 |
2 |
|a A homeland for the Cree :
|b regional development in James Bay, 1971-1981 /
|c Richard F. Salisbury.
|
| 264 |
|
1 |
|a Kingston :
|b McGill-Queen's University Press,
|c 1986.
|
| 300 |
|
|
|a xiv, 172 pages :
|b maps ;
|c 24 cm.
|
| 336 |
|
|
|a text
|b txt
|2 rdacontent
|
| 337 |
|
|
|a unmediated
|b n
|2 rdamedia
|
| 338 |
|
|
|a volume
|b nc
|2 rdacarrier
|
| 504 |
|
|
|a Bibliography: pages [165]-168.
|
| 500 |
|
|
|a Includes index.
|
| 650 |
|
0 |
|a Cree Indians.
|
| 650 |
|
0 |
|a Indians of North America
|z James Bay Region (Ont. and Québec)
|
| 650 |
|
0 |
|a Cree Indians
|x Government relations.
|
| 610 |
|
0 |
|a James Bay Hydroelectric Project.
|
| 999 |
|
|
|a MARS
|
| 999 |
f |
f |
|s b6c3026f-0090-36fd-899a-4639b8825b7f
|i 00009f46-01f3-37f9-98d4-52a34b8e0a36
|t 0
|
| 952 |
f |
f |
|p ric
|a Texas A&M University
|b Rellis Campus
|c Joint Library Facility
|d Remote Storage
|t 0
|e E99.C88 S35 1986
|h Library of Congress classification
|i unmediated -- volume
|m A14812585039
|
| 998 |
f |
f |
|a E99.C88 S35 1986
|t 0
|l Remote Storage
|